| 000 | 00403nam a2200145Ia 4500 | ||
|---|---|---|---|
| 003 | GCL | ||
| 008 | 140319s9999 xx 000 0 eng d | ||
| 040 |
_aGCL / _cGCL |
||
| 082 | 0 | 4 |
_a364.142 _bI B |
| 100 | 1 | _aJONES, JAMES H | |
| 245 | 1 | 0 |
_aBAD BLOOD: THE TUSKEGEE SPHITIS EXPERIMENTS / _cJONES, JAMES H |
| 260 |
_a[S.N] : _bTHE FREE PRESS |
||
| 650 | 0 | 4 | _aHUMAN EXPEREMENTIONL IN MEDICI |
| 942 |
_2ddc _cBK |
||
| 999 |
_c14286 _d14286 |
||